<?xml version="1.0" encoding="UTF-8"?><?xml-stylesheet type="text/xsl" href="static/style.xsl"?><OAI-PMH xmlns="http://www.openarchives.org/OAI/2.0/" xmlns:xsi="http://www.w3.org/2001/XMLSchema-instance" xsi:schemaLocation="http://www.openarchives.org/OAI/2.0/ http://www.openarchives.org/OAI/2.0/OAI-PMH.xsd"><responseDate>2026-04-13T01:48:39Z</responseDate><request verb="GetRecord" identifier="oai:www.recercat.cat:10256/22055" metadataPrefix="marc">https://recercat.cat/oai/request</request><GetRecord><record><header><identifier>oai:recercat.cat:10256/22055</identifier><datestamp>2024-05-22T11:32:35Z</datestamp><setSpec>com_2072_452966</setSpec><setSpec>com_2072_2054</setSpec><setSpec>col_2072_452968</setSpec></header><metadata><record xmlns="http://www.loc.gov/MARC21/slim" xmlns:dcterms="http://purl.org/dc/terms/" xmlns:xsi="http://www.w3.org/2001/XMLSchema-instance" xmlns:doc="http://www.lyncode.com/xoai" xsi:schemaLocation="http://www.loc.gov/MARC21/slim http://www.loc.gov/standards/marcxml/schema/MARC21slim.xsd">
   <leader>00925njm 22002777a 4500</leader>
   <datafield ind2=" " ind1=" " tag="042">
      <subfield code="a">dc</subfield>
   </datafield>
   <datafield ind2=" " ind1=" " tag="720">
      <subfield code="a">Mirambell Adroher, Clàudia</subfield>
      <subfield code="e">author</subfield>
   </datafield>
   <datafield ind2=" " ind1=" " tag="260">
      <subfield code="c">2019-09</subfield>
   </datafield>
   <datafield ind2=" " ind1=" " tag="520">
      <subfield code="a">El terme “topografies confuses” contempla un seguit d’espais ambivalents de la ciutat contemporània exclosos de les categories tradicionals i de les guies turístiques : són els altres espais de la ciutat. Els espais residuals existeixen més per omissió que per intenció, però sovint són imprescindibles pel funcionament de la ciutat, o privilegiats pel fet de pertànyer a circuits alternatius. La investigació, de base teòrica i empírica, no pretén salvar aquests espais de les seves connotacions, sovint marginals. La insistència en fer un anàlisis profund i detallat entorn a una temàtica tan inestable podria semblar absurda, però l’esforç de classificar l’inclassificable és una pràctica reveladora, posant en valor els detalls i la relació dels ciutadans amb els espais. Qualsevol lloc de la ciutat pot pertànyer, en diferent grau, a les categories proposades.</subfield>
   </datafield>
   <datafield ind2=" " ind1=" " tag="520">
      <subfield code="a">The term "confusing topographies" contemplates a series of ambivalent spaces of the contemporary city excluded from traditional categories and tourist guides: they are the other spaces of the city. Residual spaces exist more by omission than by intention, but they are often essential for the functioning of the city, or privileged by the fact of belonging to alternative circuits. The research, with a theoretical and empirical basis, does not aim to save these spaces from their connotations, which are often marginal. The insistence on making a deep and detailed analysis around such an unstable subject might seem absurd, but the effort to classify the unclassifiable is a revealing practice, valuing the details and the relationship of citizens with spaces. Any place in the city can belong, to varying degrees, to the proposed categories.</subfield>
   </datafield>
   <datafield ind1="8" ind2=" " tag="024">
      <subfield code="a">http://hdl.handle.net/10256/22055</subfield>
   </datafield>
   <datafield tag="653" ind2=" " ind1=" ">
      <subfield code="a">Urbanisme</subfield>
   </datafield>
   <datafield tag="653" ind2=" " ind1=" ">
      <subfield code="a">City planning</subfield>
   </datafield>
   <datafield ind2="0" ind1="0" tag="245">
      <subfield code="a">Topografies confuses : Ciutat com a escenari</subfield>
   </datafield>
</record></metadata></record></GetRecord></OAI-PMH>